|
|
|
|
| LEADER |
006160000a22001930004500 |
| 020 |
|
|
|a 0 527 26553 8
|
| 082 |
|
|
|a 573.862 1 M7
|
| 100 |
|
|
|a Ahlerius, S; Ed
|
| 100 |
|
|
|a Dourish, C T; Ed
|
| 100 |
|
|
|a Hutson, P H; Ed
|
| 245 |
|
|
|a Brain 5-HT receptors: behavioural and neurochemical pharmacology
|
| 260 |
|
|
|a England, Ellis Horwood
|
| 260 |
|
|
|c 1987
|
| 465 |
|
|
|a DM 156
|
| 650 |
|
|
|a Neural receptors
|
| 650 |
|
|
|a Neurotransmitter receptors
|
| 942 |
|
|
|c BK
|
| 999 |
|
|
|c 2106
|d 2106
|
| 952 |
|
|
|0 0
|1 0
|4 0
|6 573_862000000000000_1_M7
|7 0
|8 ENG
|9 1898
|a MGUL
|b MGUL
|d 2013-07-16
|e DM 156
|l 0
|o 573.862 1 M7
|p 13047
|r 2019-03-26
|w 2013-07-16
|y BK
|